[Event "Coimbra Queima das Fitas op"]
[Site "Coimbra"]
[Date "2016.04.24"]
[Round "4"]
[White "Basilio, Rodrigo"]
[Black "Tavares, Mariana Vidal"]
[Result "1-0"]
[WhiteElo "1458"]
[BlackElo "1013"]
[PlyCount "55"]
[EventDate "2016.04.22"]
[EventType "swiss"]
[EventRounds "7"]
[EventCountry "POR"]
[SourceTitle "EXT 2018"]
[Source "ChessBase"]
[SourceDate "2017.10.13"]
[SourceVersion "1"]
[SourceVersionDate "2017.10.13"]
[SourceQuality "1"]

1. e4 e5 2. Nf3 Nc6 3. d4 f6 4. d5 Nb4 5. a3 Na6 6. Bxa6 bxa6 7. Nc3 Bc5 8. 0-0 d6 9. Qd3 Ne7 10. b4 Bb6 11. a4 c6 12. dxc6 Nxc6 13. Qd5 Qc7 14. b5 Ba5 15. Ne2 Bb7 16. bxc6 Bxc6 17. Qe6+ Kf8 18. Ba3 Re8 19. Bxd6+ Re7 20. Bxe7+ Qxe7 21. Qxc6 Kf7 22. Qd5+ Kg6 23. Qxa5 Rc8 24. Nh4+ Kh5 25. Nf5 Qd7 26. Neg3+ Kg6 27. Qd5 Qe8 28. Nd6 1-0

[Event "Coimbra Queima das Fitas op"]
[Site "Coimbra"]
[Date "2016.04.23"]
[Round "3"]
[White "Saraiva, Filipe Jose Fradinh"]
[Black "Basilio, Rodrigo"]
[Result "1-0"]
[WhiteElo "1871"]
[BlackElo "1458"]
[PlyCount "83"]
[EventDate "2016.04.22"]
[EventType "swiss"]
[EventRounds "7"]
[EventCountry "POR"]
[SourceTitle "EXT 2018"]
[Source "ChessBase"]
[SourceDate "2017.10.13"]
[SourceVersion "1"]
[SourceVersionDate "2017.10.13"]
[SourceQuality "1"]

1. e4 c5 2. Nf3 Nc6 3. Bb5 g6 4. 0-0 a6 5. Bxc6 dxc6 6. e5 Bg7 7. Re1 e6 8. Nc3 f6 9. Ne4 fxe5 10. Nxc5 Qd5 11. Ne4 Ne7 12. Nc3 Qd6 13. Qe2 0-0 14. Nxe5 Bxe5 15. Qxe5 Qxe5 16. Rxe5 Nd5 17. Na4 Rf5 18. Rxf5 exf5 19. d4 b5 20. Nc5 Ra7 21. Bg5 Kf7 22. a4 b4 23. a5 Kg7 24. Kf1 h6 25. Bd2 Ra8 26. Ra4 Rb8 27. Nd3 b3 28. c4 Nc7 29. Bf4 Rb7 30. Nc5 Ra7 31. Rb4 Ne6 32. Be5+ Kf7 33. Nxb3 Ke7 34. d5 cxd5 35. cxd5 Ng5 36. Nd4 Rb7 37. Nc6+ Kd7 38. Nb8+ Ke7 39. d6+ Ke6 40. d7 Bxd7 41. Rxb7 Bb5+ 42. Rxb5 1-0